[Event "Madrid Alcorcon op 1st"]
[Site "Madrid"]
[Date "2022.12.28"]
[Round "6"]
[White "Borisova Douchkova, Vanesa"]
[Black "Vinas Blasco, Jorge"]
[Result "0-1"]
[WhiteElo "1541"]
[BlackElo "1835"]
[PlyCount "100"]
[EventDate "2022.12.26"]
[EventType "swiss"]
[EventRounds "9"]
[EventCountry "ESP"]
[SourceTitle "CBM 212 Extra"]
[Source "ChessBase"]
[SourceDate "2023.03.31"]
[SourceVersion "1"]
[SourceVersionDate "2023.03.31"]
[SourceQuality "1"]

1. d4 d5 2. Bf4 c5 3. e3 Nc6 4. c3 Qb6 5. Qc1 g6 6. Nf3 Bg7 7. Nbd2 Nf6 8. Be2 Nh5 9. Bg3 Nxg3 10. hxg3 0-0 11. Nb3 cxd4 12. cxd4 Bf5 13. 0-0 Rac8 14. Qd2 e5 15. dxe5 Nxe5 16. Rac1 Nc4 17. Bxc4 dxc4 18. Nbd4 Rfd8 19. b3 cxb3 20. Rxc8 Bxc8 21. axb3 Bg4 22. Qc2 Rc8 23. Qd3 Qb4 24. Qb5 Qxb5 25. Nxb5 a6 26. Nd6 Rc7 27. Rb1 Bd7 28. Nd2 Bf8 29. N6c4 Bb4 30. Ne4 Kg7 31. Ng5 h6 32. Nf3 Be6 33. Ncd2 g5 34. Nf1 a5 35. N3d2 Rc3 36. f3 Rd3 37. Rb2 Bc3 38. Rc2 Bxd2 39. Nxd2 Bxb3 40. Nxb3 Rxb3 41. Ra2 b6 42. Kf2 Kf6 43. Ke2 Ke5 44. Rd2 a4 45. e4 a3 46. Rd5+ Ke6 47. Rd1 b5 48. g4 b4 49. Ra1 Rb2+ 50. Kd3 a2 0-1

[Event "ESP-ch U14"]
[Site "Salobrena"]
[Date "2021.07.12"]
[Round "1"]
[White "Borisova Douchkova, Vanesa"]
[Black "Bravo De la Vega, Alvaro"]
[Result "0-1"]
[WhiteElo "1477"]
[BlackElo "1941"]
[PlyCount "74"]
[EventDate "2021.07.12"]
[EventType "swiss"]
[EventRounds "9"]
[EventCountry "ESP"]
[SourceTitle "EXT 2022"]
[Source "ChessBase"]
[SourceDate "2021.10.06"]
[SourceVersion "1"]
[SourceVersionDate "2021.10.06"]
[SourceQuality "1"]

1. d4 d5 2. c4 e6 3. Nc3 Be7 4. Nf3 Nf6 5. g3 0-0 6. Bg2 Nbd7 7. c5 c6 8. 0-0 b6 9. cxb6 axb6 10. Bg5 c5 11. e3 Bb7 12. a3 h6 13. Bxf6 Bxf6 14. Qd2 Nb8 15. Rfe1 Nc6 16. Rad1 Qd7 17. Kh1 Rfd8 18. Ng1 cxd4 19. exd4 Nxd4 20. f4 Nf5 21. Ne4 Bd4 22. Nf2 Bxf2 23. Qxf2 Qa4 24. Qxb6 Rab8 25. Qf2 d4 26. Bxb7 Rxb7 27. Rd2 Rdb8 28. Nf3 Rd8 29. g4 Ne7 30. Nxd4 Rbd7 31. Red1 Nc6 32. Nf3 Qxd1+ 33. Rxd1 Rxd1+ 34. Kg2 Nd4 35. Nxd4 R8xd4 36. Kh3 R1d2 37. Qg1 g5 0-1